000
nam a22 7a 4500
999
_c
234866
_d
234866
003
Nust
005
20170331123416.0
008
170331b xxu||||| |||| 00| 0 eng d
040
_c
DLC
082
_a
624 KHA
245
_a
Indian Practical Civil Engineers Handbook
942
_2
ddc
_c
BK